000 01261nam a2200241Ii 4500
003 JO-AjNU
005 20240625113854.0
008 230605s9999||||xx |||||||||||||| ||und||
040 _aJO-AjNU
_bara
_erda
_cJO-AjNU
041 _aara
050 1 4 _aHG4235.2021
100 1 _aالبشابشة، تولين موفق حسن
_eمعد
_965622
245 0 0 _aاثر تمهيد الدخل على القيمة السوقية للبنوك التجارية الاردنية: القيمة الدفترية كمتغير معدل = The effect of income smoothing on the market value of Jordanian commercial banks: book vaiue as a modified variable /
_cاعداد تولين موفق حسن البشابشة؛ اشراف مهند محمد العبيني
264 3 1 _a 2021
300 _a68 ورقة
336 _atext
_btxt
_2rdacontent
337 _aunmediated
_bn
_2rdamedia
338 _avolume
_bnc
_2rdacarrier
500 _aرسالة حامعية(اطروحة ماجستير) جامعة عجلون الوطنية، كلية ادارة الاعمال، تخصص المحاسبة؛ 2021
650 4 _aالقيمة السوقية-البنوك التجارية-الاردن
_961447
700 1 _aالعبيني، مهند محمد
_964945
_eمشرف
942 _2lcc
_cTHS
999 _c31343
_d31343